Comitats (régions) de Hongrie sur une carte - Statistiques

Statistiques générales
  • Ce quiz a été pris 30 fois
  • Le résultat moyen est 3 sur 20
Réponses sur la Carte
Les réponses sont colorées sur une échelle allant du rouge au vert en fonction du pourcentage des utilisateurs qui les ont devinées à leur premier essai. Vous pouvez retrouver ces pourcentages ci-dessous.
 
Statistiques - réponses
Comitat % Correct
Budapest
100%
Pest
45%
Győr-Moson-Sopron
36%
Fejér
27%
Vas
18%
Veszprém
18%
Zala
18%
Bács-Kiskun
9%
Baranya
9%
Borsod-Abaúj-Zemplén
9%
Heves
9%
Jász-Nagykun-Szolnok
9%
Komárom-Esztergom
9%
Nógrád
9%
Tolna
9%
Békés
0%
Csongrád-Csanád
0%
Hajdú-Bihar
0%
Somogy
0%
Szabolcs-Szatmár-Bereg
0%
Aucun quiz correspondant
Distribution des résultats
% des personnes avec chaque résultat
Percentile par nombre de réponses
Votre historique - résultats
Vous n’avez pas pris ce quiz